00979cam a2200289 a 4500001001000000003000900010005001700019007000300036008004100039040003000080082002700110100004800137245006500185264006000250300002600310336002700336337003300363338002800396590002600424650002800450650003100478830001000509910000700519942001400526952013200540999001700672000019729DO-SdBNP20240209095041.0ta240902s1916 sp 001 f spa d aDO-SdBNPbspacBNPHUerda a863.62bU54t, 19162221 aUnamuno, Miguel de,d1864-1936eautor9625410aTres novelas ejemplares y un prólogo /cMiguel de Unamuno. aSan Juan, Puerto Rico :bDistribuidora de Libros,c1916 a117 paginas ;c19 cm. 2rdacontentatextobtxt 2rdamediaasin mediaciónbn 2rdacarrieravolumenbnc aInventariado, 2024/DG 4aNovela española91123 4aLiteratura española9632 922386 aDG 2ddccLBS1 00102ddc51708GRaBNPHUbBNPHUcCTd2024-02-09edonaciónl0oSG 863.62 U54t, 1916p2024-0923r2024-02-09w2024-02-09yLBS1 c55885d55885